Limiting shape due to fretting wear in an adhesive contact in Dugdale approximation; Physical Mesomechanics; Vol. 19, iss. 4

ग्रंथसूची विवरण
Parent link:Physical Mesomechanics.— , 1998-
Vol. 19, iss. 4.— 2016.— [P. 378-381]
मुख्य लेखक: Chai Y. S.
निगमित लेखक: Национальный исследовательский Томский политехнический университет (ТПУ) Институт физики высоких технологий (ИФВТ) Кафедра физики высоких технологий в машиностроении (ФВТМ) Сетевая научно-образовательная лаборатория "Медицинское материаловедение" (СНОЛ ММ)
अन्य लेखक: Popov V. L. Valentin Leonidovich
सारांश:Title screen
We consider fretting wear in an adhesive contact due to tangential oscillations of small amplitude. While both wear in non-adhesive contacts and adhesive contacts without wear have been studied in detail, there still have been no attempts to combine both approaches. In the present paper, we study the problem of wear in adhesive contacts under the simplified assumption, that the adhesive (attractive) stress is constant up to some critical distance h and vanishes beyond this range (Dugdale approximation). In this approximation, the normal adhesive contact problem can be solved to a great extent analytically. In a series of previous works, it was shown that the worn shape due to fretting wear tends to some limiting shape which is determined solely by the solution of the normal contact problem. In the present paper, we exploit these ideas to derive the limiting shape of the worn body in an adhesive contact.
Режим доступа: по договору с организацией-держателем ресурса
भाषा:अंग्रेज़ी
प्रकाशित: 2016
विषय:
ऑनलाइन पहुंच:http://dx.doi.org/10.1134/S1029959916040044
स्वरूप: MixedMaterials इलेक्ट्रोनिक पुस्तक अध्याय
KOHA link:https://koha.lib.tpu.ru/cgi-bin/koha/opac-detail.pl?biblionumber=654011

MARC

LEADER 00000naa0a2200000 4500
001 654011
005 20250228154310.0
035 |a (RuTPU)RU\TPU\network\19526 
090 |a 654011 
100 |a 20170406d2016 k||y0rusy50 ba 
101 1 |a eng 
102 |a US 
135 |a arcn ---uucaa 
181 0 |a i  
182 0 |a b 
200 1 |a Limiting shape due to fretting wear in an adhesive contact in Dugdale approximation  |f Y. S. Chai, V. L. Popov 
203 |a Text  |c electronic 
300 |a Title screen 
320 |a [References: p. 381 (17 tit.)] 
330 |a We consider fretting wear in an adhesive contact due to tangential oscillations of small amplitude. While both wear in non-adhesive contacts and adhesive contacts without wear have been studied in detail, there still have been no attempts to combine both approaches. In the present paper, we study the problem of wear in adhesive contacts under the simplified assumption, that the adhesive (attractive) stress is constant up to some critical distance h and vanishes beyond this range (Dugdale approximation). In this approximation, the normal adhesive contact problem can be solved to a great extent analytically. In a series of previous works, it was shown that the worn shape due to fretting wear tends to some limiting shape which is determined solely by the solution of the normal contact problem. In the present paper, we exploit these ideas to derive the limiting shape of the worn body in an adhesive contact. 
333 |a Режим доступа: по договору с организацией-держателем ресурса 
461 |t Physical Mesomechanics  |d 1998- 
463 |t Vol. 19, iss. 4  |v [P. 378-381]  |d 2016 
610 1 |a труды учёных ТПУ 
610 1 |a электронный ресурс 
610 1 |a fretting wear 
610 1 |a adhesion 
610 1 |a partial slip 
610 1 |a friction 
610 1 |a трение 
610 1 |a скольжение 
610 1 |a прилипание 
610 1 |a фреттинг-износ 
700 1 |a Chai  |b Y. S. 
701 1 |a Popov  |b V. L.  |c physicist  |c leading researcher of Tomsk Polytechnic University, Doctor of physical and mathematical sciences  |f 1959-  |g Valentin Leonidovich  |3 (RuTPU)RU\TPU\pers\35915 
712 0 2 |a Национальный исследовательский Томский политехнический университет (ТПУ)  |b Институт физики высоких технологий (ИФВТ)  |b Кафедра физики высоких технологий в машиностроении (ФВТМ)  |b Сетевая научно-образовательная лаборатория "Медицинское материаловедение" (СНОЛ ММ)  |3 (RuTPU)RU\TPU\col\21275 
801 2 |a RU  |b 63413507  |c 20170426  |g RCR 
856 4 |u http://dx.doi.org/10.1134/S1029959916040044 
942 |c CF